[Event "Sydney op"]
[Site "Sydney"]
[Date "2025.04.25"]
[Round "5"]
[White "Stopa, Jacek"]
[Black "Kazarian, Anna Maja"]
[Result "1-0"]
[WhiteElo "2303"]
[BlackElo "2232"]
[PlyCount "75"]
[EventDate "2025.04.23"]
[EventType "swiss"]
[EventRounds "9"]
[EventCountry "AUS"]
[SourceTitle "CB18_2025"]
[SourceDate "2025.04.30"]
[SourceVersion "1"]
[SourceVersionDate "2025.04.30"]
[SourceQuality "1"]

1. e4 e6 2. d4 d5 3. Nc3 Be7 4. Nf3 Nf6 5. e5 Nfd7 6. Ne2 c5 7. c3 b6 8. Nf4 Ba6 9. Bxa6 Nxa6 10. h4 Qc7 11. a3 cxd4 12. cxd4 Rc8 13. Bd2 Qc2 14. Qxc2 Rxc2 15. Bc3 Nc7 16. Nd3 Nb5 17. Kd1 Rxc3 18. bxc3 Nxa3 19. Nb4 Nb5 20. Kd2 a5 21. Nc6 Bf8 22. Nxa5 Nxd4 23. Nxd4 bxa5 24. f4 Nb6 25. Rhb1 Bc5 26. Rxa5 Bxd4 27. cxd4 Nc4+ 28. Kd3 0-0 29. Ra7 h5 30. f5 exf5 31. Rbb7 f4 32. e6 Ne3 33. Rd7 Rb8 34. e7 Rb3+ 35. Ke2 Rb2+ 36. Kf3 Ng4 37. e8Q+ Kh7 38. Kxf4 1-0

[Event "Sydney op"]
[Site "Sydney"]
[Date "2025.04.23"]
[Round "2"]
[White "Stopa, Jacek"]
[Black "Ng, Clive"]
[Result "1-0"]
[WhiteElo "2303"]
[BlackElo "2012"]
[PlyCount "94"]
[EventDate "2025.04.23"]
[EventType "swiss"]
[EventRounds "9"]
[EventCountry "AUS"]
[SourceTitle "CB18_2025"]
[SourceDate "2025.04.30"]
[SourceVersion "1"]
[SourceVersionDate "2025.04.30"]
[SourceQuality "1"]

1. d4 Nf6 2. Bg5 d5 3. e3 Nbd7 4. Nf3 e6 5. Nbd2 Be7 6. Bd3 Nh5 7. Bxe7 Qxe7 8. Ne5 Nxe5 9. dxe5 g6 10. 0-0 f6 11. Be2 Ng7 12. Nf3 0-0 13. Rc1 fxe5 14. Nxe5 Qf6 15. f4 Nf5 16. Qd3 Nd6 17. Bf3 Nf7 18. c4 c6 19. Ng4 Qxb2 20. Rc3 Qb6 21. Rb1 Qd8 22. Qd4 e5 23. fxe5 Bxg4 24. Bxg4 dxc4 25. Rxb7 Qh4 26. g3 Qg5 27. Be6 Rae8 28. Qd7 Rxe6 29. Qxe6 Qd8 30. Rd7 Qa5 31. Qxc4 Qxe5 32. Rxa7 Qh5 33. Rc1 Qe5 34. Qb3 c5 35. Rf1 c4 36. Qb6 Qe4 37. Rc7 g5 38. Qd4 Qe6 39. Qxc4 Qxe3+ 40. Kh1 Qe8 41. Rcxf7 Rxf7 42. Qxf7+ Qxf7 43. Rxf7 Kxf7 44. Kg2 g4 45. Kf2 Kf6 46. Ke3 Ke5 47. a4 Kd5 1-0

[Event "Doeberl Cup 62nd"]
[Site "Canberra"]
[Date "2025.04.21"]
[Round "9"]
[White "Stopa, Jacek"]
[Black "Winkelman, Albert"]
[Result "1-0"]
[WhiteElo "2303"]
[BlackElo "2353"]
[PlyCount "71"]
[EventDate "2025.04.17"]
[EventType "swiss"]
[EventRounds "9"]
[EventCountry "AUS"]
[SourceTitle "CB17_2025"]
[SourceDate "2025.04.23"]
[SourceVersion "1"]
[SourceVersionDate "2025.04.23"]
[SourceQuality "1"]

1. e4 e5 2. d4 exd4 3. Qxd4 Nc6 4. Qe3 Nf6 5. Nc3 Bb4 6. Bd2 0-0 7. 0-0-0 Re8 8. Bc4 Qe7 9. f3 Na5 10. Nd5 Nxd5 11. Bxd5 c6 12. Bxb4 Qxb4 13. a3 Qb5 14. Ba2 d5 15. Ne2 Nc4 16. Qd4 Be6 17. Bxc4 dxc4 18. h4 c5 19. Qd6 Qa5 20. h5 Rad8 21. Qe5 h6 22. Rxd8 Rxd8 23. Rd1 Rxd1+ 24. Kxd1 Qd8+ 25. Ke1 b6 26. g3 Kh7 27. Nf4 Qg5 28. Qxg5 hxg5 29. Nxe6 fxe6 30. e5 g4 31. f4 b5 32. Ke2 g6 33. hxg6+ Kxg6 34. c3 Kf5 35. Ke3 a6 36. Kd2 1-0

[Event "Doeberl Cup 62nd"]
[Site "Canberra"]
[Date "2025.04.20"]
[Round "8"]
[White "Das, Arghyadip"]
[Black "Stopa, Jacek"]
[Result "1/2-1/2"]
[WhiteElo "2345"]
[BlackElo "2303"]
[PlyCount "101"]
[EventDate "2025.04.17"]
[EventType "swiss"]
[EventRounds "9"]
[EventCountry "AUS"]
[SourceTitle "CB17_2025"]
[SourceDate "2025.04.23"]
[SourceVersion "1"]
[SourceVersionDate "2025.04.23"]
[SourceQuality "1"]

1. e4 g6 2. d4 Bg7 3. Nc3 d6 4. Be3 a6 5. Qd2 b5 6. a3 Nd7 7. h4 h6 8. f3 Nb6 9. Bd3 Nf6 10. Nge2 Nfd7 11. Nd1 c5 12. c3 e5 13. d5 c4 14. Bc2 Nc5 15. h5 f5 16. hxg6 f4 17. Bxc5 dxc5 18. g3 0-0 19. gxf4 exf4 20. Nf2 b4 21. axb4 cxb4 22. cxb4 Bxb2 23. Rb1 Bg7 24. Rh5 Qd6 25. e5 Qxd5 26. Be4 Qxd2+ 27. Kxd2 Ra7 28. Rbh1 Be6 29. Kc1 Rd7 30. R1h4 c3 31. Nxf4 Bb3 32. N2d3 Nc4 33. Bd5+ Rxd5 34. Nxd5 Rxf3 35. Ne7+ Kf8 36. Rf5+ Rxf5 37. Nxf5 Nxe5 38. Nxe5 Bxe5 39. g7+ Kg8 40. Re4 Bf6 41. Re8+ Kh7 42. Rh8+ Kg6 43. g8Q+ Bxg8 44. Rxg8+ Kxf5 45. Kc2 h5 46. Ra8 h4 47. Rxa6 h3 48. Ra1 h2 49. Rh1 Be5 50. Kd3 Kg4 51. Ke4 1/2-1/2

[Event "Doeberl Cup 62nd"]
[Site "Canberra"]
[Date "2025.04.17"]
[Round "2"]
[White "Hu, Yifei"]
[Black "Stopa, Jacek"]
[Result "1/2-1/2"]
[WhiteElo "2086"]
[BlackElo "2303"]
[PlyCount "124"]
[EventDate "2025.04.17"]
[EventType "swiss"]
[EventRounds "9"]
[EventCountry "AUS"]
[SourceTitle "CB17_2025"]
[SourceDate "2025.04.23"]
[SourceVersion "1"]
[SourceVersionDate "2025.04.23"]
[SourceQuality "1"]

1. d4 Nf6 2. c4 e6 3. g3 d5 4. Bg2 dxc4 5. Nf3 Bb4+ 6. Nbd2 c6 7. 0-0 b5 8. b3 cxb3 9. Nxb3 0-0 10. Bd2 a5 11. Bxb4 axb4 12. Qd2 Qd6 13. Ne5 Nd5 14. Rfc1 f6 15. Nd3 e5 16. dxe5 fxe5 17. Nxb4 Be6 18. Nc5 e4 19. Bxe4 Bf7 20. Bg2 Qe5 21. Nxd5 cxd5 22. e3 Ra7 23. Qb4 d4 24. exd4 Qe2 25. Re1 Qc2 26. Be4 Qc4 27. Qxc4 Bxc4 28. a4 bxa4 29. Rxa4 Rxa4 30. Nxa4 Nd7 31. Nc5 Nf6 32. Bf5 Rd8 33. Rc1 Bf7 34. Ne6 Re8 35. Ng5 g6 36. Nxf7 Kxf7 37. Rc7+ Kg8 38. Bc2 Rd8 39. Bb3+ Kh8 40. Rf7 Ne4 41. d5 Nc3 42. Rf3 Ne2+ 43. Kg2 Nd4 44. Rd3 Nxb3 45. Rxb3 Rxd5 46. Rb7 Rd2 47. Kf3 Ra2 48. h4 Ra4 49. Ke3 Kg8 50. Re7 h6 51. Kf3 Rb4 52. Kg2 Rb5 53. g4 h5 54. Kg3 hxg4 55. Kxg4 Kf8 56. Ra7 Rc5 57. f4 Rb5 58. Rh7 Ra5 59. Rb7 Rc5 60. Rh7 Ra5 61. Rb7 Rc5 62. Rh7 Ke8 1/2-1/2

[Event "Djerba op-A"]
[Site "Djerba"]
[Date "2025.02.22"]
[Round "8"]
[White "Hallal, Tarik"]
[Black "Stopa, Jacek"]
[Result "1/2-1/2"]
[WhiteElo "2083"]
[BlackElo "2310"]
[PlyCount "81"]
[EventDate "2025.02.16"]
[EventType "swiss"]
[EventRounds "9"]
[EventCountry "TUN"]
[SourceTitle "CB09_2025"]
[SourceDate "2025.02.27"]
[SourceVersion "1"]
[SourceVersionDate "2025.02.27"]
[SourceQuality "1"]

1. e4 e6 2. d4 d5 3. Nc3 Nf6 4. Bg5 dxe4 5. Nxe4 Be7 6. Bxf6 gxf6 7. Nf3 f5 8. Nc3 a6 9. Qd2 b5 10. 0-0-0 Bb7 11. Kb1 b4 12. Ne2 Nd7 13. Nf4 Nf6 14. Ne5 Bd6 15. Qe1 Qe7 16. Bc4 Bxe5 17. Qxe5 0-0-0 18. f3 Nd7 19. Qa5 Qd6 20. Nd3 Rhg8 21. Nxb4 Rxg2 22. Bxa6 Qb6 23. Qa4 Bxa6 24. Nxa6 Kb7 25. Nb4 c6 26. Qb3 c5 27. dxc5 Nxc5 28. Qc4 Rxh2 29. Rhe1 Rhd2 30. Rxd2 Rxd2 31. b3 Qd6 32. a4 Rd4 33. Qb5+ Qb6 34. Nc6 Qxb5 35. axb5 Rf4 36. Rh1 Kb6 37. Rh2 h6 38. Rxh6 Kxb5 39. Rh7 Kb6 40. Na7 Rxf3 41. Rxf7 1/2-1/2

[Event "Djerba Blitz op"]
[Site "Djerba"]
[Date "2025.02.19"]
[Round "5"]
[White "Maurizzi, Marc Andria"]
[Black "Stopa, Jacek"]
[Result "1-0"]
[WhiteElo "2581"]
[BlackElo "2310"]
[PlyCount "65"]
[EventDate "2025.02.19"]
[EventType "swiss (blitz)"]
[EventRounds "9"]
[EventCountry "TUN"]
[SourceTitle "CB09_2025"]
[SourceDate "2025.02.27"]
[SourceVersion "1"]
[SourceVersionDate "2025.02.27"]
[SourceQuality "1"]

1. e4 e6 2. d4 d5 3. e5 c5 4. c3 Bd7 5. Nf3 Qb6 6. Be2 Bb5 7. dxc5 Bxc5 8. b4 Bxf2+ 9. Kf1 Bc6 10. a4 a6 11. a5 Qa7 12. Na3 Be3 13. b5 axb5 14. Nxb5 Bxb5 15. Bxb5+ Nc6 16. Bxe3 Qxe3 17. a6 Nge7 18. axb7 Rb8 19. Nd4 0-0 20. Nxc6 Rxb7 21. Nxe7+ Rxe7 22. Qd4 Qg5 23. h4 Qf5+ 24. Kg1 f6 25. exf6 Rxf6 26. Bd3 Qh5 27. Ra8+ Re8 28. Rxe8+ Qxe8 29. Rh3 Qf7 30. Rg3 Qe7 31. Qe5 Qc5+ 32. Kh2 Qe7 33. h5 1-0

[Event "Djerba Blitz op"]
[Site "Djerba"]
[Date "2025.02.19"]
[Round "8"]
[White "Stopa, Jacek"]
[Black "Oro, Faustino"]
[Result "0-1"]
[WhiteElo "2310"]
[BlackElo "2447"]
[PlyCount "69"]
[EventDate "2025.02.19"]
[EventType "swiss (blitz)"]
[EventRounds "9"]
[EventCountry "TUN"]
[SourceTitle "CB09_2025"]
[SourceDate "2025.02.27"]
[SourceVersion "1"]
[SourceVersionDate "2025.02.27"]
[SourceQuality "1"]

1. d4 Nf6 2. c4 e6 3. Nc3 Bb4 4. e3 0-0 5. Bd3 d5 6. cxd5 exd5 7. Nge2 Re8 8. 0-0 b6 9. a3 Bd6 10. b4 c6 11. Qc2 Bb7 12. Rb1 Nbd7 13. f3 Qc7 14. Kh1 Rad8 15. e4 dxe4 16. fxe4 Bxh2 17. e5 Nxe5 18. dxe5 Bxe5 19. Bf4 c5 20. Ne4 Nd5 21. Bd2 cxb4 22. Qxc7 Nxc7 23. Nf2 bxa3 24. Bc3 Bxc3 25. Nxc3 Re3 26. Nb5 Nxb5 27. Bxb5 Rg3 28. Kh2 Rxg2+ 29. Kh3 Rg5 30. Be2 Bc8+ 31. Kh4 Rd4+ 32. Kxg5 h6+ 33. Kh5 Kh7 34. Bg4 Kg8 35. Be2 0-1

[Event "Djerba op-A"]
[Site "Djerba"]
[Date "2025.02.18"]
[Round "3"]
[White "Stopa, Jacek"]
[Black "Gemelli, Romain"]
[Result "1-0"]
[WhiteElo "2310"]
[BlackElo "2203"]
[PlyCount "121"]
[EventDate "2025.02.16"]
[EventType "swiss"]
[EventRounds "9"]
[EventCountry "TUN"]
[SourceTitle "CB09_2025"]
[SourceDate "2025.02.27"]
[SourceVersion "1"]
[SourceVersionDate "2025.02.27"]
[SourceQuality "1"]

1. d4 Nf6 2. c4 e6 3. Nc3 Bb4 4. e3 0-0 5. Bd3 d5 6. cxd5 exd5 7. Nge2 Re8 8. 0-0 b6 9. a3 Bd6 10. b4 Bb7 11. f3 Nbd7 12. Rb1 a6 13. Qc2 Qe7 14. g4 h6 15. Ng3 g6 16. Qf2 Nf8 17. e4 Bxg3 18. hxg3 dxe4 19. Nxe4 g5 20. Bb2 Nd5 21. Rbe1 Qd7 22. Nd2 Rxe1 23. Rxe1 Re8 24. Bf5 Rxe1+ 25. Qxe1 Qe7 26. Ne4 Ne6 27. Kf2 Kg7 28. Nc3 Qd6 29. Qe5+ Qxe5 30. dxe5 Nxc3 31. Bxc3 Kf8 32. Ke3 Ke7 33. f4 Bd5 34. Bd3 b5 35. f5 Nf8 36. Be4 Bxe4 37. Kxe4 c6 38. Bd4 Nd7 39. Ke3 Ke8 40. Kf3 Kd8 41. Ke4 Ke7 42. Bc3 Nb6 43. Kd4 Kd7 44. Kd3 Nc4 45. a4 Nb6 46. a5 Nd5 47. Kd4 Kc7 48. Bd2 Kd7 49. Kc5 Kc7 50. Kd4 Kd7 51. Kc5 Kc7 52. e6 fxe6 53. fxe6 Nf6 54. e7 Ne8 55. Bc3 Kd7 56. Kb6 Nc7 57. e8Q+ Nxe8 58. Kxa6 Nd6 59. Kb6 Nc4+ 60. Kb7 Nd6+ 61. Kb8 1-0

[Event "Senta Fantastico GM Mix 02"]
[Site "Senta"]
[Date "2025.02.14"]
[Round "7"]
[White "Cao, Qingfeng"]
[Black "Stopa, Jacek"]
[Result "1-0"]
[WhiteElo "2342"]
[BlackElo "2310"]
[PlyCount "69"]
[EventDate "2025.02.11"]
[EventType "swiss"]
[EventRounds "9"]
[EventCountry "SRB"]
[SourceTitle "CB09_2025"]
[SourceDate "2025.02.27"]
[SourceVersion "1"]
[SourceVersionDate "2025.02.27"]
[SourceQuality "1"]

1. Nf3 Nf6 2. c4 e6 3. g3 d5 4. d4 dxc4 5. Bg2 Nc6 6. Qa4 Bb4+ 7. Bd2 Nd5 8. Qc2 Nb6 9. Bxb4 Nxb4 10. Qc3 N4d5 11. Qa5 0-0 12. Nbd2 Bd7 13. Ne5 Qe7 14. 0-0 Rfc8 15. e4 Nf6 16. Nexc4 Nxc4 17. Nxc4 b6 18. Qd2 Bc6 19. Rfe1 Bb7 20. Rac1 c5 21. e5 Ne8 22. Nd6 Nxd6 23. exd6 Qd7 24. Bxb7 Qxb7 25. dxc5 Rxc5 26. Rxc5 bxc5 27. Rc1 Qb6 28. b4 cxb4 29. d7 Rd8 30. Rc8 Kf8 31. Rxd8+ Qxd8 32. Qd6+ Kg8 33. Qc6 Kf8 34. Qc5+ Kg8 35. Qc8 1-0

[Event "Senta Fantastico GM Mix 02"]
[Site "Senta"]
[Date "2025.02.13"]
[Round "5"]
[White "Spasov, Vasil"]
[Black "Stopa, Jacek"]
[Result "1/2-1/2"]
[WhiteElo "2423"]
[BlackElo "2310"]
[PlyCount "32"]
[EventDate "2025.02.11"]
[EventType "swiss"]
[EventRounds "9"]
[EventCountry "SRB"]
[SourceTitle "CB09_2025"]
[SourceDate "2025.02.27"]
[SourceVersion "1"]
[SourceVersionDate "2025.02.27"]
[SourceQuality "1"]

1. e4 e6 2. d4 d5 3. exd5 exd5 4. Bd3 Bd6 5. Ne2 Nf6 6. Bf4 0-0 7. 0-0 Bg4 8. Bxd6 Qxd6 9. Nbc3 c6 10. Qd2 Nbd7 11. Rfe1 Bxe2 12. Nxe2 Rfe8 13. Ng3 g6 14. c3 Rxe1+ 15. Rxe1 Re8 16. Rxe8+ Nxe8 1/2-1/2

[Event "Senta Fantastico GM Mix 02"]
[Site "Senta"]
[Date "2025.02.11"]
[Round "1"]
[White "Levitan, Judah Nathan"]
[Black "Stopa, Jacek"]
[Result "1/2-1/2"]
[WhiteElo "2010"]
[BlackElo "2310"]
[PlyCount "85"]
[EventDate "2025.02.11"]
[EventType "swiss"]
[EventRounds "9"]
[EventCountry "SRB"]
[SourceTitle "CB09_2025"]
[SourceDate "2025.02.27"]
[SourceVersion "1"]
[SourceVersionDate "2025.02.27"]
[SourceQuality "1"]

1. e4 e5 2. Nf3 Nc6 3. Bb5 a6 4. Ba4 Nf6 5. d3 b5 6. Bb3 Bc5 7. Nc3 h6 8. Nd5 d6 9. c3 Ba7 10. a4 Bb7 11. 0-0 0-0 12. Be3 Bxe3 13. Nxe3 Ne7 14. Re1 c5 15. Bc2 Qd7 16. Qd2 Rfd8 17. Nf1 Ng6 18. d4 cxd4 19. cxd4 d5 20. Nxe5 Nxe5 21. dxe5 Nxe4 22. Qd3 g6 23. Qe3 Kh7 24. Ng3 d4 25. Nxe4 dxe3 26. Nf6+ Kg7 27. Nxd7 exf2+ 28. Kxf2 Rxd7 29. axb5 axb5 30. Rxa8 Bxa8 31. g3 Re7 32. Be4 Bxe4 33. Rxe4 Rc7 34. Ke3 Rc2 35. Rb4 Rxh2 36. Rxb5 g5 37. Kf3 Rc2 38. Kg4 Rc4+ 39. Kf5 Rc1 40. Kg4 Rc6 41. Kf5 Rc2 42. Kg4 Rc6 43. Kf5 1/2-1/2

[Event "Senta Fantastico op 03"]
[Site "Senta"]
[Date "2025.02.06"]
[Round "3.18"]
[White "Dziewonski, Dariusz"]
[Black "Stopa, Jacek"]
[Result "0-1"]
[WhiteElo "2225"]
[BlackElo "2310"]
[PlyCount "84"]
[EventDate "2025.02.05"]
[EventType "swiss"]
[EventRounds "9"]
[EventCountry "SRB"]
[SourceTitle "CB08_2025"]
[SourceDate "2025.02.19"]
[SourceVersion "1"]
[SourceVersionDate "2025.02.19"]
[SourceQuality "1"]

1. e4 e6 2. d4 d5 3. Nc3 Nf6 4. e5 Nfd7 5. f4 c5 6. Nf3 Nc6 7. Be3 Qb6 8. Na4 Qa5+ 9. c3 b6 10. Bd2 c4 11. b4 Nxb4 12. cxb4 Bxb4 13. Qc2 Bxd2+ 14. Nxd2 b5 15. Nc3 0-0 16. Be2 b4 17. Nd1 Qb6 18. Nf3 f6 19. exf6 Nxf6 20. 0-0 a5 21. Nb2 Bd7 22. Na4 Bxa4 23. Qxa4 Ne4 24. Rae1 Rxf4 25. Kh1 Raf8 26. Qc2 b3 27. axb3 cxb3 28. Qb2 Qb4 29. Ra1 a4 30. Rfc1 Ra8 31. Ra3 Rff8 32. Rca1 Rfc8 33. Ne5 Rc2 34. Qxb3 Qxb3 35. Rxb3 Rxe2 36. Rba3 Rd2 37. Nf3 Rb2 38. h4 Rb4 39. Kh2 h5 40. Ng5 Nf6 41. g4 Nxg4+ 42. Kh3 Nf6 0-1

[Event "Senta Fantastico op 03"]
[Site "Senta"]
[Date "2025.02.05"]
[Round "1.16"]
[White "Shafigullina, Zarina"]
[Black "Stopa, Jacek"]
[Result "1-0"]
[WhiteElo "2125"]
[BlackElo "2310"]
[PlyCount "55"]
[EventDate "2025.02.05"]
[EventType "swiss"]
[EventRounds "9"]
[EventCountry "SRB"]
[SourceTitle "CB08_2025"]
[SourceDate "2025.02.19"]
[SourceVersion "1"]
[SourceVersionDate "2025.02.19"]
[SourceQuality "1"]

1. d4 e6 2. Nf3 Nf6 3. g3 d5 4. c4 Bd6 5. Bg2 0-0 6. 0-0 h6 7. Qc2 b6 8. cxd5 exd5 9. Nc3 Bb7 10. Nb5 Nc6 11. Nxd6 cxd6 12. Bd2 Re8 13. Rfe1 Ne4 14. Rac1 Qf6 15. Qd3 g5 16. Be3 Qe6 17. Nd2 f5 18. Nf1 Rec8 19. f3 Nf6 20. g4 fxg4 21. Qg6+ Kf8 22. fxg4 Ne7 23. Qxh6+ Kf7 24. Bxg5 Neg8 25. Qh4 Qxg4 26. Qxg4 Nxg4 27. Rxc8 Rxc8 28. Bh3 1-0

[Event "Nova Gorica op 29th"]
[Site "Nova Gorica"]
[Date "2025.01.24"]
[Round "1"]
[White "Stopa, Jacek"]
[Black "Nissinen, Niilo Man"]
[Result "1-0"]
[WhiteElo "2298"]
[BlackElo "2109"]
[PlyCount "131"]
[EventDate "2025.01.24"]
[EventType "swiss"]
[EventRounds "9"]
[EventCountry "SLO"]
[SourceTitle "CB06_2025"]
[SourceDate "2025.02.05"]
[SourceVersion "1"]
[SourceVersionDate "2025.02.05"]
[SourceQuality "1"]

1. e4 c5 2. Nf3 Nc6 3. Bb5 e6 4. 0-0 Nge7 5. Re1 a6 6. Bf1 b6 7. b3 d5 8. exd5 Nxd5 9. Bb2 Nf6 10. d4 Bb7 11. c4 cxd4 12. a3 a5 13. Nxd4 Bc5 14. Nxc6 Qxd1 15. Rxd1 Bxc6 16. Nc3 Ng4 17. Rd2 Rd8 18. Rxd8+ Kxd8 19. Nd1 Ke7 20. b4 axb4 21. axb4 Bxb4 22. Ra7+ Bd7 23. Bxg7 Rg8 24. Bd4 Bc5 25. Bxc5+ bxc5 26. Nc3 Rc8 27. f4 f5 28. Be2 Nf6 29. Bf3 Kd6 30. Ra6+ Ke7 31. Ra7 Kd6 32. Kf2 Rb8 33. Ke2 Rb6 34. h3 e5 35. Nd5 Nxd5 36. fxe5+ Kxe5 37. Bxd5 Be6 38. Bxe6 Rxe6 39. Rxh7 Ra6 40. Rd7 Ra2+ 41. Rd2 Ra5 42. Kf2 f4 43. g3 fxg3+ 44. Kxg3 Ra3+ 45. Kg4 Kf6 46. Rd6+ Ke7 47. Rd5 Ra5 48. h4 Kf6 49. h5 Kg7 50. Kg5 Kh7 51. Rd7+ Kh8 52. Rc7 Kg8 53. Kf5 Kh8 54. Ke5 Ra1 55. Kd6 Rd1+ 56. Kxc5 Rh1 57. Rf7 Rxh5+ 58. Kb6 Kg8 59. Rf3 Rh1 60. c5 Rb1+ 61. Kc7 Kg7 62. c6 Rc1 63. Kb7 Rb1+ 64. Kc8 Kg6 65. c7 Rh1 66. Rb3 1-0

[Event "Paracin Prestige op"]
[Site "Paracin"]
[Date "2025.01.13"]
[Round "2"]
[White "Stopa, Jacek"]
[Black "Zol Uchral, Erdenesaikhan"]
[Result "1-0"]
[WhiteElo "2298"]
[BlackElo "1773"]
[PlyCount "45"]
[EventDate "2025.01.11"]
[EventType "swiss"]
[EventRounds "9"]
[EventCountry "SRB"]
[SourceTitle "CB05_2025"]
[SourceDate "2025.01.29"]
[SourceVersion "1"]
[SourceVersionDate "2025.01.29"]
[SourceQuality "1"]

1. e4 c5 2. Nf3 d6 3. Bb5+ Nd7 4. Ba4 Ngf6 5. 0-0 Nxe4 6. Re1 Nef6 7. d4 cxd4 8. Nxd4 Qa5 9. Nb5 e6 10. N1c3 d5 11. Bf4 d4 12. Nc7+ Kd8 13. Nxa8 e5 14. Bxd7 Nxd7 15. Rxe5 Nxe5 16. Qxd4+ Bd7 17. Bxe5 Qc5 18. Qf4 Be7 19. Rd1 f6 20. Qg4 Qc8 21. Qxg7 Rf8 22. Nd5 Qc5 23. Nxe7 1-0

[Event "Uelzen Uhlenkoeper op"]
[Site "Uelzen"]
[Date "2024.12.29"]
[Round "5"]
[White "Parvanyan, Ashot"]
[Black "Stopa, Jacek"]
[Result "1/2-1/2"]
[WhiteElo "2399"]
[BlackElo "2323"]
[PlyCount "36"]
[EventDate "2024.12.27"]
[EventType "swiss"]
[EventRounds "9"]
[EventCountry "GER"]
[SourceTitle "CB01_2025"]
[SourceDate "2025.01.01"]
[SourceVersion "1"]
[SourceVersionDate "2025.01.01"]
[SourceQuality "1"]

1. Nf3 Nf6 2. c4 c6 3. d4 d5 4. g3 g6 5. Bg2 Bg7 6. 0-0 0-0 7. b3 dxc4 8. bxc4 c5 9. Bb2 cxd4 10. Nxd4 Qb6 11. Qc1 Bd7 12. Nd2 Nc6 13. N2b3 Nxd4 14. Bxd4 Qc7 15. Qa3 Bc6 16. Bxc6 bxc6 17. Rfd1 a5 18. Rab1 Rfb8 1/2-1/2

[Event "Uelzen Uhlenkoeper op"]
[Site "Uelzen"]
[Date "2024.12.28"]
[Round "3"]
[White "Stopa, Jacek"]
[Black "Dehn, Marcus"]
[Result "1-0"]
[WhiteElo "2323"]
[BlackElo "2053"]
[PlyCount "65"]
[EventDate "2024.12.27"]
[EventType "swiss"]
[EventRounds "9"]
[EventCountry "GER"]
[SourceTitle "CB01_2025"]
[SourceDate "2025.01.01"]
[SourceVersion "1"]
[SourceVersionDate "2025.01.01"]
[SourceQuality "1"]

1. d4 Nf6 2. c4 e6 3. Nc3 Bb4 4. e3 0-0 5. Bd3 d6 6. Nge2 e5 7. 0-0 Nc6 8. d5 Ne7 9. a3 Bxc3 10. Nxc3 Ng6 11. b4 Nd7 12. Qc2 a5 13. Bd2 Qe7 14. f3 Nb6 15. Rac1 axb4 16. axb4 Bd7 17. Qb3 Kh8 18. Ne2 Ba4 19. Qb1 Bd7 20. e4 Ra3 21. Rc3 Rxc3 22. Bxc3 Qg5 23. Qc1 Qxc1 24. Rxc1 Na4 25. Ba1 b6 26. Rc2 Nh4 27. f4 f5 28. fxe5 fxe4 29. Bxe4 dxe5 30. Ng3 Re8 31. c5 bxc5 32. bxc5 g6 33. Rc4 1-0

[Event "Bayern-chI Bank Hofmann 27th"]
[Site "Gmund am Tegernsee"]
[Date "2024.11.02"]
[Round "8"]
[White "Khrapko, Marharyta"]
[Black "Stopa, Jacek"]
[Result "0-1"]
[WhiteElo "2156"]
[BlackElo "2326"]
[PlyCount "104"]
[EventDate "2024.10.26"]
[EventType "swiss"]
[EventRounds "9"]
[EventCountry "GER"]
[SourceTitle "CB45_2024"]
[Source "ChessBase"]
[SourceDate "2024.11.06"]
[SourceVersion "1"]
[SourceVersionDate "2024.11.06"]
[SourceQuality "1"]

1. e4 e5 2. Nf3 Nc6 3. Bb5 a6 4. Ba4 d6 5. c3 Bd7 6. 0-0 g6 7. d4 Bg7 8. Re1 Nf6 9. dxe5 Nxe5 10. Nxe5 dxe5 11. Bg5 b5 12. Bc2 h6 13. Be3 0-0 14. Nd2 Ng4 15. Bc5 Re8 16. Nb3 a5 17. a4 bxa4 18. Nd2 Rb8 19. h3 Nf6 20. Nc4 Be6 21. Nxa5 Qxd1 22. Bxd1 Rxb2 23. Bxa4 Ra8 24. Bc6 Ra6 25. Red1 Nh5 26. Bb4 Nf4 27. Rd8+ Kh7 28. Bb5 Rb6 29. Bf1 Bf6 30. Rdd1 Ne2+ 31. Kh1 Rc2 32. Rd3 Nf4 33. Rf3 Kg7 34. Nc4 Rxb4 35. cxb4 Bxc4 36. Bxc4 Rxc4 37. b5 Rxe4 38. Rc1 Ne6 39. Rb3 Re2 40. Kg1 Bg5 41. Ra1 Be7 42. Kf1 Rc2 43. Rab1 Bc5 44. R3b2 Rc4 45. g3 Bd4 46. Re2 g5 47. Kg2 h5 48. Kf1 Nc5 49. f3 Ne6 50. Ra2 Rc3 51. Kg2 h4 52. Re1 Rb3 0-1

[Event "Bayern-chI Bank Hofmann 27th"]
[Site "Gmund am Tegernsee"]
[Date "2024.10.27"]
[Round "2"]
[White "Grewenig, Jan"]
[Black "Stopa, Jacek"]
[Result "0-1"]
[WhiteElo "2120"]
[BlackElo "2326"]
[PlyCount "52"]
[EventDate "2024.10.26"]
[EventType "swiss"]
[EventRounds "9"]
[EventCountry "GER"]
[SourceTitle "CB45_2024"]
[Source "ChessBase"]
[SourceDate "2024.11.06"]
[SourceVersion "1"]
[SourceVersionDate "2024.11.06"]
[SourceQuality "1"]

1. e4 e6 2. d4 d5 3. Nd2 c5 4. exd5 exd5 5. Ngf3 Nf6 6. Bb5+ Bd7 7. Bxd7+ Nbxd7 8. 0-0 Be7 9. dxc5 Nxc5 10. Nb3 Nce4 11. Qd3 0-0 12. Be3 Re8 13. Rad1 Qc7 14. Nbd4 a6 15. Nf5 Bf8 16. Bd4 Rad8 17. Rfe1 Re6 18. Bxf6 Nxf6 19. Rxe6 fxe6 20. N5d4 Re8 21. Ng5 Qe5 22. f4 Qxf4 23. Ndxe6 Qe5 24. Rf1 Rxe6 25. Rxf6 Bc5+ 26. Kh1 Qxg5 0-1